00817nam a2200229 a 450000100100000000500170001000800410002702000150006804000250008308200150010810000270012324500590015026000540020930000280026349000290029150000420032050400330036259000260039583000360042195201130045799900170057000004238620201002040124.0131127s1987 mx a r 000 0 spa d a9681622855 aDO-SdBNPbspacBNPHU axxxxbxxxx1 aKrauze, Enrique96948213aEl amor a la tierra Emiliano Zapata /cEnrique Krsuze. aMéxico, :bFondo de cultura económica,c1987. a129 p. :bil. ;c27 cm.1 aBiografía del poderv3 aIncluye notas al pie de las páginas aBibliografía : p. 128- 129 aInventariado, 2019/BT 0aBiografía del podern3969483 001050718MOaGRbGRcHDd2013-11-27iLF1l0oxxxx xxxxp42386-10r2020-06-25w2020-06-25y1ZNo se presta c41875d41875